| 000 | 00633nam a22001577a 4500 | ||
|---|---|---|---|
| 008 | 160603b xxu||||| |||| 00| 0 eng d | ||
| 082 |
_22015 _aUT 0630 _bAb83 |
||
| 100 |
_99956 _aAbrandillo, Liezel Mae E. |
||
| 245 |
_aEntrepreneurial skills of small scale farmers in Kapatagan, Digos City/ _cLiezel Mae E. Abrandillo, Hazel Mae P. Martel and Glydeline F. Abiar. |
||
| 260 |
_aDigos City: _bUMDC _cNovember 2015. |
||
| 300 |
_a80 pages; _c30 cm. |
||
| 650 | 0 |
_99953 _aBusiness Administration _vMarketing Management _xUndergraduate thesis. |
|
| 700 |
_99951 _aMartel, Hazel Mae P. |
||
| 700 |
_99952 _aAbiar, Glydeline F. |
||
| 942 |
_2ddc _cUT |
||
| 999 |
_c2985 _d2985 |
||